000 01967cas a2200397 a 4500
001 11310105
005 20250910124205.0
007 hd afb---baca
008 780103c19229999miumr a 0 a0eng
010 _asf 86091535
016 _a(AMICUS)000009980455
022 _a0017-8012
_l0017-8012
035 _a(OCoLC)3527639
040 _aOKO
_beng
_cOKO
_dPIT
_dIUL
_dDLC
_dNST
_dOCLCQ
_dOCLCF
_dOCLCO
_dOCLCQ
_dNLC
_dGILDS
_dOCLCO
_dVA@
_dOCLCQ
_dDLC
_dXFF
_dHUL
_dOCLCO
_dOCL
_dOCLCO
_dOCLCA
_dAUQ
_dW2U
042 _apcc
050 4 _aHF5001
_b.H3
222 0 _aHarvard business review
245 0 0 _aHarvard business review.
260 _a[Boston] :
_b[Harvard University],
_c[1922]-
300 _avolumes :
_billustrations ;
_c29 cm
310 _aBimonthly,
_b1948-
321 _aQuarterly,
_b1922-1947
362 0 _aVol. 1, no. 1 (Oct. 1922)-
520 _aHarvard Business Review is a leading source of insight and analysis on business management, leadership, and strategy. Published by Harvard Business Publishing, it combines research-driven articles with practical case studies and commentary from academics, business leaders, and industry experts. Widely read by executives, entrepreneurs, and students alike, the review is valued for its clear perspective on global trends, organisational challenges, and emerging ideas that shape the future of work.
525 _aSupplements accompany some numbers.
550 _aIssued by: the Graduate School of Business Administration, Harvard University.
650 0 _aBusiness
_vPeriodicals.
650 0 _aEconomic history
_vPeriodicals.
650 1 0 _aCommerce
_93749
650 2 0 _aEconomics
_92587
710 _aHarvard University.
_bGraduate School of Business Administration.
760 0 _tCurrent periodical series
776 0 _tHarvard business review
_w(DLC) 25010769
_w(OCoLC)1751795
856 _uhttps://bibliotheque.tbs-education.fr/Default/doc/PUBFINDER/edp32090/harvard-business-review
942 _2lcc
999 _c4928
_d4928